Cálculo vectorial /
Guardado en:
| Autor Principal: | |
|---|---|
| Formato: | Libro |
| Idioma: | Spanish |
| Publicado: |
Naucalpan de Juárez, México :
Pearson Educación,
c1995.
|
| Edición: | 1.ª ed. |
| Etiquetas: |
Agregar Etiqueta
Sin Etiquetas, Sea el primero en etiquetar este registro!
|
| LEADER | 00564nam a22001695a 4500 | ||
|---|---|---|---|
| 001 | MAT.inmabb006502 | ||
| 008 | 110623s1995####mx#a#####b####001#0#spa#d | ||
| 005 | 20130328152542.0 | ||
| 245 | 1 | 0 | |a Cálculo vectorial / |c Claudio Pita Ruiz. |
| 250 | |a 1.ª ed. | ||
| 260 | |a Naucalpan de Juárez, México : |b Pearson Educación, |c c1995. | ||
| 300 | |a xiv, 1077 p. : |b il. ; |c 26 cm. | ||
| 504 | |a Incluye referencias bibliográficas (p. 1071-1072) e índice. | ||
| 020 | |a 9688805297 | ||
| 100 | 1 | |a Pita Ruiz, Claudio. | |
| 084 | |a 26-01 |2 msc2000 | ||
| 859 | |h 26 |i P681 |p A-8702 |b BIB. MATEMATICA | ||
